00754nam a2200181 a 450000100060000000300090000600500170001500800420003202000240007404000280009808200230012624502110014926000580036030000420041850400640046065000260052470000220055010846BD-DhUAP20200301095333.0200229r20021978enkabe b 001 0 eng d  a0500278474 (pbk.)  aOCPcOCPdBD-DhUAPbEng00223a720.917671 ARC00aArchitecture of the Islamic world :bits history and social meaning : with a complete survey of key monuments and 758 illustrations, 112 in colour /cErnst J. Grube ... [et al.] ; edited by George Michell.  aLondon :bThames and Hudson,cc1978 [Reprinted 2002]  a288 pages :billustrations ;c28 cm.  aIncludes bibliographical references (p. 282-284) and index. 0aIslamic architecture.1 aMichell, George.